Doplnkové poistenie bude sporenie
Súčasťou tretieho dôchodkového piliera je aj doplnkové dôchodkové poistenie. Tento segment kapitálového trhu ponúka daňové zvýhodnenie aj pre príspevky zamestnávateľov. Vývoj trhu doplnkového dôchodkového poistenia. Porovnanie poisťovní. Štruktúra investícií v DDP.
Salvato in:
| Autore principale: | |
|---|---|
| Natura: | Capitolo di libro |
| Lingua: | slovacco |
| Soggetti: | |
| Tags: |
Nessun Tag, puoi essere il primo ad aggiungerne!!
|
MARC
| LEADER | 00000naa$a2200000$$$4500 | ||
|---|---|---|---|
| 001 | 0034185 | ||
| 005 | 20231019082929.4 | ||
| 041 | 0 | |a slo | |
| 044 | |a SK | ||
| 245 | 1 | 0 | |a Doplnkové poistenie bude sporenie |c Pavel Škriniar |
| 520 | |a Súčasťou tretieho dôchodkového piliera je aj doplnkové dôchodkové poistenie. Tento segment kapitálového trhu ponúka daňové zvýhodnenie aj pre príspevky zamestnávateľov. Vývoj trhu doplnkového dôchodkového poistenia. Porovnanie poisťovní. Štruktúra investícií v DDP. | ||
| 610 | 2 | 0 | |a poistenie doplnkové |
| 610 | 2 | 0 | |a Slovensko |
| 610 | 2 | 0 | |a poistenie dôchodkové doplnkové |
| 610 | 2 | 0 | |a trh kapitálový |
| 610 | 2 | 0 | |a poisťovne |
| 610 | 2 | 0 | |a investície |
| 100 | 1 | |a Škriniar, Pavel, 1979- | |